00263nam a2200097Ia 4500008004100000082001500041100001700056245005000073260003300123300000900156210430s9999 xx 000 0 und d a070 V855 M aJohan Vivian 4aThe Media Of Mass CommunicationcJohan Vivian aISLAMABADbJOHN VIVIANc2008 a516P